Speeches and Letters on American Affairs By G M Drnh (Record no. 421)

MARC details
000 -LEADER
fixed length control field 00401nam a2200145Ia 4500
008 - FIXED-LENGTH DATA ELEMENTS--GENERAL INFORMATION
fixed length control field 211109s9999||||xx |||||||||||||| ||und||
082 ## - DEWEY DECIMAL CLASSIFICATION NUMBER
Classification number 824
Item number EDM-S
100 ## - MAIN ENTRY--PERSONAL NAME
Personal name Edmund, Burke
245 #0 - TITLE STATEMENT
Title Speeches and Letters on American Affairs By G M Drnh
260 ## - PUBLICATION, DISTRIBUTION, ETC.
Name of publisher, distributor, etc. Toronto
Place of publication, distribution, etc. London
Date of publication, distribution, etc. 1969
300 ## - PHYSICAL DESCRIPTION
Extent 295p.
630 ## - SUBJECT ADDED ENTRY--UNIFORM TITLE
General subdivision General Stack
650 ## - SUBJECT ADDED ENTRY--TOPICAL TERM
Topical term or geographic name entry element English Litertaure
942 ## - ADDED ENTRY ELEMENTS (KOHA)
Koha item type BOOK
650 ## - SUBJECT ADDED ENTRY--TOPICAL TERM
Form subdivision English Essays
General subdivision English
Holdings
Withdrawn status Lost status Damaged status Not for loan Home library Current library Date acquired Cost, normal purchase price Total Checkouts Full call number Barcode Shelving location Date last seen Price effective from Koha item type
        SB LIBRARY SB LIBRARY 09/11/2021 2.60   824 EDM-S 00000419 GENERAL STACK 09/11/2021 09/11/2021 BOOK

Powered by Koha